<?xml version="1.0" encoding="UTF-8"?>
<record
    xmlns:xsi="http://www.w3.org/2001/XMLSchema-instance"
    xsi:schemaLocation="http://www.loc.gov/MARC21/slim http://www.loc.gov/standards/marcxml/schema/MARC21slim.xsd"
    xmlns="http://www.loc.gov/MARC21/slim">

  <leader>08351caa a22008292a 4500</leader>
  <controlfield tag="001">  018669</controlfield>
  <controlfield tag="003">  AR-FADEU</controlfield>
  <controlfield tag="008">  311216n########xxu####################dd</controlfield>
  <datafield tag="092" ind1=" " ind2=" ">
    <subfield code="a">031</subfield>
    <subfield code="b">G786</subfield>
  </datafield>
  <datafield tag="100" ind1=" " ind2=" ">
    <subfield code="a">Huygens, Christiaan</subfield>
  </datafield>
  <datafield tag="245" ind1=" " ind2=" ">
    <subfield code="a">Treatise on light</subfield>
  </datafield>
  <datafield tag="300" ind1=" " ind2=" ">
    <subfield code="a">PP. 551-619</subfield>
  </datafield>
  <datafield tag="500" ind1=" " ind2=" ">
    <subfield code="a">En: Mathematical principles of natural philosophy / Isaac Newton. Chicago : Encyclopedia Britannica, Inc., 1952</subfield>
  </datafield>
  <datafield tag="942" ind1=" " ind2=" ">
    <subfield code="c">BDGR</subfield>
  </datafield>
  <datafield tag="999" ind1=" " ind2=" ">
    <subfield code="c">24400</subfield>
    <subfield code="d">24400</subfield>
  </datafield>
  <datafield tag="773" ind1="0" ind2=" ">
    <subfield code="0">24334</subfield>
    <subfield code="9">24081</subfield>
    <subfield code="a"></subfield>
    <subfield code="b"></subfield>
    <subfield code="d">Chicago</subfield>
    <subfield code="o">01084</subfield>
    <subfield code="t">The works of Aristotle I y II</subfield>
    <subfield code="w">(  AR-FADEU)  018602</subfield>
    <subfield code="x"></subfield>
    <subfield code="z"></subfield>
  </datafield>
  <datafield tag="773" ind1="0" ind2=" ">
    <subfield code="0">24334</subfield>
    <subfield code="9">24082</subfield>
    <subfield code="a"></subfield>
    <subfield code="b"></subfield>
    <subfield code="d">Chicago</subfield>
    <subfield code="o">01085</subfield>
    <subfield code="t">The works of Aristotle I y II</subfield>
    <subfield code="w">(  AR-FADEU)  018602</subfield>
    <subfield code="x"></subfield>
    <subfield code="z"></subfield>
  </datafield>
  <datafield tag="773" ind1="0" ind2=" ">
    <subfield code="0">24341</subfield>
    <subfield code="9">24094</subfield>
    <subfield code="a"></subfield>
    <subfield code="b"></subfield>
    <subfield code="d">Chicago</subfield>
    <subfield code="o">01083</subfield>
    <subfield code="t">The dialogues of Plato</subfield>
    <subfield code="w">(  AR-FADEU)  018609</subfield>
    <subfield code="x"></subfield>
    <subfield code="z">0-85229-163-9</subfield>
  </datafield>
  <datafield tag="773" ind1="0" ind2=" ">
    <subfield code="0">24342</subfield>
    <subfield code="9">24095</subfield>
    <subfield code="a"></subfield>
    <subfield code="b"></subfield>
    <subfield code="d">Chicago</subfield>
    <subfield code="o">01087</subfield>
    <subfield code="t">Euclid archimedes apollonius of perga nicomachus</subfield>
    <subfield code="w">(  AR-FADEU)  018610</subfield>
    <subfield code="x"></subfield>
    <subfield code="z">0-85229-163-9</subfield>
  </datafield>
  <datafield tag="773" ind1="0" ind2=" ">
    <subfield code="0">24395</subfield>
    <subfield code="9">24132</subfield>
    <subfield code="a">Locke, John</subfield>
    <subfield code="b"></subfield>
    <subfield code="d">Chicago</subfield>
    <subfield code="o">01111</subfield>
    <subfield code="t">A letter concerning toleration concerning civl governmert, second essay : an essay concerning human understanding</subfield>
    <subfield code="w">(  AR-FADEU)  018664</subfield>
    <subfield code="x"></subfield>
    <subfield code="z">0-85229-163-9</subfield>
  </datafield>
  <datafield tag="773" ind1="0" ind2=" ">
    <subfield code="0">24396</subfield>
    <subfield code="9">24133</subfield>
    <subfield code="a">Pascal, Blaise</subfield>
    <subfield code="b"></subfield>
    <subfield code="d">Chicago</subfield>
    <subfield code="o">01109</subfield>
    <subfield code="t">The provincial letters pens&#xE9;es</subfield>
    <subfield code="w">(  AR-FADEU)  018665</subfield>
    <subfield code="x"></subfield>
    <subfield code="z">0-85229-163-9</subfield>
  </datafield>
  <datafield tag="773" ind1="0" ind2=" ">
    <subfield code="0">24399</subfield>
    <subfield code="9">24134</subfield>
    <subfield code="a">Newton, Isaac</subfield>
    <subfield code="b"></subfield>
    <subfield code="d">Chicago</subfield>
    <subfield code="o">01110</subfield>
    <subfield code="t">Mathematical principles of natural philosophy</subfield>
    <subfield code="w">(  AR-FADEU)  018668</subfield>
    <subfield code="x"></subfield>
    <subfield code="z">0-85229-163-9</subfield>
  </datafield>
  <datafield tag="773" ind1="0" ind2=" ">
    <subfield code="0">24402</subfield>
    <subfield code="9">24135</subfield>
    <subfield code="a">Hutchins, Robert Maynard</subfield>
    <subfield code="b"></subfield>
    <subfield code="d">Chicago</subfield>
    <subfield code="o">01077</subfield>
    <subfield code="t">The great conversation : the substance of a liber al education</subfield>
    <subfield code="w">(  AR-FADEU)  018671</subfield>
    <subfield code="x"></subfield>
    <subfield code="z">0-85229-163-9</subfield>
  </datafield>
  <datafield tag="773" ind1="0" ind2=" ">
    <subfield code="0">24403</subfield>
    <subfield code="9">24136</subfield>
    <subfield code="a"></subfield>
    <subfield code="b"></subfield>
    <subfield code="d">Chicago</subfield>
    <subfield code="o">01082</subfield>
    <subfield code="t">The history of herodotus</subfield>
    <subfield code="w">(  AR-FADEU)  018672</subfield>
    <subfield code="x"></subfield>
    <subfield code="z">0-85229-163-9</subfield>
  </datafield>
  <datafield tag="773" ind1="0" ind2=" ">
    <subfield code="0">24406</subfield>
    <subfield code="9">24137</subfield>
    <subfield code="a">Galen</subfield>
    <subfield code="b"></subfield>
    <subfield code="d">Chicago</subfield>
    <subfield code="o">01086</subfield>
    <subfield code="t">Hippocratic writings</subfield>
    <subfield code="w">(  AR-FADEU)  018675</subfield>
    <subfield code="x"></subfield>
    <subfield code="z">0-85229-163-9</subfield>
  </datafield>
  <datafield tag="773" ind1="0" ind2=" ">
    <subfield code="0">24406</subfield>
    <subfield code="9">24137</subfield>
    <subfield code="a">Galen</subfield>
    <subfield code="b"></subfield>
    <subfield code="d">Chicago</subfield>
    <subfield code="o">01086</subfield>
    <subfield code="t">Hippocratic writings</subfield>
    <subfield code="w">(  AR-FADEU)  018675</subfield>
    <subfield code="x"></subfield>
    <subfield code="z">0-85229-163-9</subfield>
  </datafield>
  <datafield tag="773" ind1="0" ind2=" ">
    <subfield code="0">24407</subfield>
    <subfield code="9">24138</subfield>
    <subfield code="a">Adler, Mortimer J., ed.</subfield>
    <subfield code="b"></subfield>
    <subfield code="d">Chicago</subfield>
    <subfield code="o">01078</subfield>
    <subfield code="t">The great ideas : a syntopicon of great books of the western wirkd</subfield>
    <subfield code="w">(  AR-FADEU)  018676</subfield>
    <subfield code="x"></subfield>
    <subfield code="z">0-85229-163-9</subfield>
  </datafield>
  <datafield tag="773" ind1="0" ind2=" ">
    <subfield code="0">24407</subfield>
    <subfield code="9">24139</subfield>
    <subfield code="a">Adler, Mortimer J., ed.</subfield>
    <subfield code="b"></subfield>
    <subfield code="d">Chicago</subfield>
    <subfield code="o">01079</subfield>
    <subfield code="t">The great ideas : a syntopicon of great books of the western wirkd</subfield>
    <subfield code="w">(  AR-FADEU)  018676</subfield>
    <subfield code="x"></subfield>
    <subfield code="z">0-85229-163-9</subfield>
  </datafield>
  <datafield tag="773" ind1="0" ind2=" ">
    <subfield code="0">24459</subfield>
    <subfield code="9">24274</subfield>
    <subfield code="a">Milton, John</subfield>
    <subfield code="b"></subfield>
    <subfield code="d">Chicago</subfield>
    <subfield code="o">01108</subfield>
    <subfield code="t">English minor poems paradise lost Samson Agonistes Areopagitica</subfield>
    <subfield code="w">(  AR-FADEU)  018729</subfield>
    <subfield code="x"></subfield>
    <subfield code="z">0-85229-163-9</subfield>
  </datafield>
  <datafield tag="773" ind1="0" ind2=" ">
    <subfield code="0">24460</subfield>
    <subfield code="9">24275</subfield>
    <subfield code="a">Descartes, Ren&#xE9;</subfield>
    <subfield code="b"></subfield>
    <subfield code="d">Chicago</subfield>
    <subfield code="o">01107</subfield>
    <subfield code="t">Rules for the direction of the mind discourse on the method meditations on first philosophy oabjections against the meditations and replies : the geometry</subfield>
    <subfield code="w">(  AR-FADEU)  018730</subfield>
    <subfield code="x"></subfield>
    <subfield code="z">0-85229-163-9</subfield>
  </datafield>
  <datafield tag="773" ind1="0" ind2=" ">
    <subfield code="0">24461</subfield>
    <subfield code="9">24276</subfield>
    <subfield code="a">Bacon, Francis Sir</subfield>
    <subfield code="b"></subfield>
    <subfield code="d">Chicago</subfield>
    <subfield code="o">01106</subfield>
    <subfield code="t">Advancement of learning</subfield>
    <subfield code="w">(  AR-FADEU)  018731</subfield>
    <subfield code="x"></subfield>
    <subfield code="z">0-85229-163-9</subfield>
  </datafield>
  <datafield tag="773" ind1="0" ind2=" ">
    <subfield code="0">24462</subfield>
    <subfield code="9">24277</subfield>
    <subfield code="a">Cervantes Saavedra, Miguel de</subfield>
    <subfield code="b"></subfield>
    <subfield code="d">Chicago</subfield>
    <subfield code="o">01105</subfield>
    <subfield code="t">The history of don quixote de la mancha</subfield>
    <subfield code="w">(  AR-FADEU)  018732</subfield>
    <subfield code="x"></subfield>
    <subfield code="z">0-85229-163-9</subfield>
  </datafield>
  <datafield tag="773" ind1="0" ind2=" ">
    <subfield code="0">24463</subfield>
    <subfield code="9">24278</subfield>
    <subfield code="a">Gilbert, William</subfield>
    <subfield code="b"></subfield>
    <subfield code="d">Chicago</subfield>
    <subfield code="o">01104</subfield>
    <subfield code="t">On the loadstone and magnitic bodies</subfield>
    <subfield code="w">(  AR-FADEU)  018733</subfield>
    <subfield code="x"></subfield>
    <subfield code="z">0-85229-163-9</subfield>
  </datafield>
  <datafield tag="773" ind1="0" ind2=" ">
    <subfield code="0">24466</subfield>
    <subfield code="9">24279</subfield>
    <subfield code="a">Clarke, William George</subfield>
    <subfield code="b"></subfield>
    <subfield code="d">Chicago</subfield>
    <subfield code="o">01102</subfield>
    <subfield code="t">The plays and sonnets of William Shakespeare</subfield>
    <subfield code="w">(  AR-FADEU)  018736</subfield>
    <subfield code="x"></subfield>
    <subfield code="z">0-85229-163-9</subfield>
  </datafield>
  <datafield tag="773" ind1="0" ind2=" ">
    <subfield code="0">24466</subfield>
    <subfield code="9">24280</subfield>
    <subfield code="a">Clarke, William George</subfield>
    <subfield code="b"></subfield>
    <subfield code="d">Chicago</subfield>
    <subfield code="o">01103</subfield>
    <subfield code="t">The plays and sonnets of William Shakespeare</subfield>
    <subfield code="w">(  AR-FADEU)  018736</subfield>
    <subfield code="x"></subfield>
    <subfield code="z">0-85229-163-9</subfield>
  </datafield>
  <datafield tag="773" ind1="0" ind2=" ">
    <subfield code="0">24472</subfield>
    <subfield code="9">24287</subfield>
    <subfield code="a">Tacitus, P. Cornelius</subfield>
    <subfield code="b"></subfield>
    <subfield code="d">Chicago</subfield>
    <subfield code="o">01091</subfield>
    <subfield code="t">The annals</subfield>
    <subfield code="w">(  AR-FADEU)  018742</subfield>
    <subfield code="x"></subfield>
    <subfield code="z">0-85229-163-9</subfield>
  </datafield>
  <datafield tag="773" ind1="0" ind2=" ">
    <subfield code="0">24473</subfield>
    <subfield code="9">24288</subfield>
    <subfield code="a"></subfield>
    <subfield code="b"></subfield>
    <subfield code="d">Chicago</subfield>
    <subfield code="o">01090</subfield>
    <subfield code="t">PLUTARCH : the lives of the noble grecians and romans</subfield>
    <subfield code="w">(  AR-FADEU)  018743</subfield>
    <subfield code="x"></subfield>
    <subfield code="z">0-85229-163-9</subfield>
  </datafield>
  <datafield tag="773" ind1="0" ind2=" ">
    <subfield code="0">24474</subfield>
    <subfield code="9">24289</subfield>
    <subfield code="a"></subfield>
    <subfield code="b"></subfield>
    <subfield code="d">Chicago</subfield>
    <subfield code="o">01089</subfield>
    <subfield code="t">The POEMS of Virgil</subfield>
    <subfield code="w">(  AR-FADEU)  018744</subfield>
    <subfield code="x"></subfield>
    <subfield code="z">0-85229-163-9</subfield>
  </datafield>
  <datafield tag="773" ind1="0" ind2=" ">
    <subfield code="0">24475</subfield>
    <subfield code="9">24290</subfield>
    <subfield code="a"></subfield>
    <subfield code="b"></subfield>
    <subfield code="d">Chicago</subfield>
    <subfield code="o">01088</subfield>
    <subfield code="t">LUCRETIUS: on the nature of things</subfield>
    <subfield code="w">(  AR-FADEU)  018745</subfield>
    <subfield code="x"></subfield>
    <subfield code="z">0-85229-163-9</subfield>
  </datafield>
  <datafield tag="773" ind1="0" ind2=" ">
    <subfield code="0">24476</subfield>
    <subfield code="9">24291</subfield>
    <subfield code="a"></subfield>
    <subfield code="b"></subfield>
    <subfield code="d">Chicago</subfield>
    <subfield code="o">01080</subfield>
    <subfield code="t">The Iliad of Homer</subfield>
    <subfield code="w">(  AR-FADEU)  018746</subfield>
    <subfield code="x"></subfield>
    <subfield code="z">0-85229-163-9</subfield>
  </datafield>
  <datafield tag="773" ind1="0" ind2=" ">
    <subfield code="0">24478</subfield>
    <subfield code="9">24292</subfield>
    <subfield code="a">Darwin, Charles</subfield>
    <subfield code="b"></subfield>
    <subfield code="d">Chicago</subfield>
    <subfield code="o">01125</subfield>
    <subfield code="t">The Origin of species : by means of natural selection</subfield>
    <subfield code="w">(  AR-FADEU)  018748</subfield>
    <subfield code="x"></subfield>
    <subfield code="z">0-85229-163-9</subfield>
  </datafield>
  <datafield tag="773" ind1="0" ind2=" ">
    <subfield code="0">24479</subfield>
    <subfield code="9">24293</subfield>
    <subfield code="a"></subfield>
    <subfield code="b"></subfield>
    <subfield code="d">Chicago</subfield>
    <subfield code="o">01081</subfield>
    <subfield code="t">AESCHYLUS. Sophocles. Euripides. Aristophanes</subfield>
    <subfield code="w">(  AR-FADEU)  018749</subfield>
    <subfield code="x"></subfield>
    <subfield code="z">0-85229-163-9</subfield>
  </datafield>
  <datafield tag="773" ind1="0" ind2=" ">
    <subfield code="0">24480</subfield>
    <subfield code="9">24294</subfield>
    <subfield code="a">Melville, Herman</subfield>
    <subfield code="b"></subfield>
    <subfield code="d">Chicago</subfield>
    <subfield code="o">01124</subfield>
    <subfield code="t">Moby dick; or, the whale</subfield>
    <subfield code="w">(  AR-FADEU)  018750</subfield>
    <subfield code="x"></subfield>
    <subfield code="z">0-85229-163-9</subfield>
  </datafield>
  <datafield tag="773" ind1="0" ind2=" ">
    <subfield code="0">24481</subfield>
    <subfield code="9">24295</subfield>
    <subfield code="a">Goethe, Johann Wolfgang</subfield>
    <subfield code="b"></subfield>
    <subfield code="d">Chicago</subfield>
    <subfield code="o">01123</subfield>
    <subfield code="t">Faust : parts one and two</subfield>
    <subfield code="w">(  AR-FADEU)  018751</subfield>
    <subfield code="x"></subfield>
    <subfield code="z">0-85229-163-9</subfield>
  </datafield>
  <datafield tag="773" ind1="0" ind2=" ">
    <subfield code="0">24482</subfield>
    <subfield code="9">24296</subfield>
    <subfield code="a">Hegel, Georg Wilhelm Friedrich</subfield>
    <subfield code="b"></subfield>
    <subfield code="d">Chicago</subfield>
    <subfield code="o">01122</subfield>
    <subfield code="t">The philosophy of right</subfield>
    <subfield code="w">(  AR-FADEU)  018752</subfield>
    <subfield code="x"></subfield>
    <subfield code="z">0-85229-163-9</subfield>
  </datafield>
  <datafield tag="773" ind1="0" ind2=" ">
    <subfield code="0">24483</subfield>
    <subfield code="9">24297</subfield>
    <subfield code="a">Mackenna, Stephen, tr.</subfield>
    <subfield code="b"></subfield>
    <subfield code="d">Chicago</subfield>
    <subfield code="o">01094</subfield>
    <subfield code="t">Plotinus the six enneads</subfield>
    <subfield code="w">(  AR-FADEU)  018753</subfield>
    <subfield code="x"></subfield>
    <subfield code="z">0-85229-163-9</subfield>
  </datafield>
  <datafield tag="773" ind1="0" ind2=" ">
    <subfield code="0">24484</subfield>
    <subfield code="9">24298</subfield>
    <subfield code="a">Saint, Augustine</subfield>
    <subfield code="b"></subfield>
    <subfield code="d">Chicago</subfield>
    <subfield code="o">01096</subfield>
    <subfield code="t">The confessions</subfield>
    <subfield code="w">(  AR-FADEU)  018754</subfield>
    <subfield code="x"></subfield>
    <subfield code="z">0-85229-163-9</subfield>
  </datafield>
  <datafield tag="773" ind1="0" ind2=" ">
    <subfield code="0">24485</subfield>
    <subfield code="9">24299</subfield>
    <subfield code="a">Norton, Charles Eliot</subfield>
    <subfield code="b"></subfield>
    <subfield code="d">Chicago</subfield>
    <subfield code="o">05118</subfield>
    <subfield code="t">The divine comedy of Dante Alighieri</subfield>
    <subfield code="w">(  AR-FADEU)  018755</subfield>
    <subfield code="x"></subfield>
    <subfield code="z">0-85229-163-9</subfield>
  </datafield>
  <datafield tag="773" ind1="0" ind2=" ">
    <subfield code="0">24486</subfield>
    <subfield code="9">24300</subfield>
    <subfield code="a">Machiavelli, Nicolo</subfield>
    <subfield code="b"></subfield>
    <subfield code="d">Chicago</subfield>
    <subfield code="o">01099</subfield>
    <subfield code="t">The prince</subfield>
    <subfield code="w">(  AR-FADEU)  018756</subfield>
    <subfield code="x"></subfield>
    <subfield code="z">0-85229-163-9</subfield>
  </datafield>
  <datafield tag="773" ind1="0" ind2=" ">
    <subfield code="0">24488</subfield>
    <subfield code="9">24301</subfield>
    <subfield code="a">Rabelais, Fran&#xE7;ois</subfield>
    <subfield code="b"></subfield>
    <subfield code="d">Chicago</subfield>
    <subfield code="o">01100</subfield>
    <subfield code="t">Gargantua and pantagruel</subfield>
    <subfield code="w">(  AR-FADEU)  018758</subfield>
    <subfield code="x"></subfield>
    <subfield code="z">0-85229-163-9</subfield>
  </datafield>
  <datafield tag="773" ind1="0" ind2=" ">
    <subfield code="0">24489</subfield>
    <subfield code="9">24302</subfield>
    <subfield code="a">Hazlit, W. Carew</subfield>
    <subfield code="b"></subfield>
    <subfield code="d">Chicago</subfield>
    <subfield code="o">01101</subfield>
    <subfield code="t">The essays : of Michel Eyquem de Montaigne</subfield>
    <subfield code="w">(  AR-FADEU)  018759</subfield>
    <subfield code="x"></subfield>
    <subfield code="z">0-85229-163-9</subfield>
  </datafield>
  <datafield tag="773" ind1="0" ind2=" ">
    <subfield code="0">24490</subfield>
    <subfield code="9">24303</subfield>
    <subfield code="a">Chaucer, Geoffrey</subfield>
    <subfield code="b"></subfield>
    <subfield code="d">Chicago</subfield>
    <subfield code="o">01098</subfield>
    <subfield code="t">Troilus and cressida and the canterbury tales</subfield>
    <subfield code="w">(  AR-FADEU)  018760</subfield>
    <subfield code="x"></subfield>
    <subfield code="z">0-85229-163-9</subfield>
  </datafield>
  <datafield tag="773" ind1="0" ind2=" ">
    <subfield code="0">24493</subfield>
    <subfield code="9">24304</subfield>
    <subfield code="a">Ptolemy</subfield>
    <subfield code="b"></subfield>
    <subfield code="d">Chicago</subfield>
    <subfield code="o">01092</subfield>
    <subfield code="t">The almagest</subfield>
    <subfield code="w">(  AR-FADEU)  018763</subfield>
    <subfield code="x"></subfield>
    <subfield code="z">0-85229-163-9</subfield>
  </datafield>
  <datafield tag="773" ind1="0" ind2=" ">
    <subfield code="0">24494</subfield>
    <subfield code="9">24305</subfield>
    <subfield code="a"></subfield>
    <subfield code="b"></subfield>
    <subfield code="d">Chicago</subfield>
    <subfield code="o">01095</subfield>
    <subfield code="t">The SUMMA theologica : of sint Thomas Aquinas</subfield>
    <subfield code="w">(  AR-FADEU)  018764</subfield>
    <subfield code="x"></subfield>
    <subfield code="z">0-85229-163-9</subfield>
  </datafield>
  <datafield tag="773" ind1="0" ind2=" ">
    <subfield code="0">24494</subfield>
    <subfield code="9">24306</subfield>
    <subfield code="a"></subfield>
    <subfield code="b"></subfield>
    <subfield code="d">Chicago</subfield>
    <subfield code="o">01097</subfield>
    <subfield code="t">The SUMMA theologica : of sint Thomas Aquinas</subfield>
    <subfield code="w">(  AR-FADEU)  018764</subfield>
    <subfield code="x"></subfield>
    <subfield code="z">0-85229-163-9</subfield>
  </datafield>
  <datafield tag="773" ind1="0" ind2=" ">
    <subfield code="0">24494</subfield>
    <subfield code="9">24305</subfield>
    <subfield code="a"></subfield>
    <subfield code="b"></subfield>
    <subfield code="d">Chicago</subfield>
    <subfield code="o">01095</subfield>
    <subfield code="t">The SUMMA theologica : of sint Thomas Aquinas</subfield>
    <subfield code="w">(  AR-FADEU)  018764</subfield>
    <subfield code="x"></subfield>
    <subfield code="z">0-85229-163-9</subfield>
  </datafield>
  <datafield tag="773" ind1="0" ind2=" ">
    <subfield code="0">24494</subfield>
    <subfield code="9">24306</subfield>
    <subfield code="a"></subfield>
    <subfield code="b"></subfield>
    <subfield code="d">Chicago</subfield>
    <subfield code="o">01097</subfield>
    <subfield code="t">The SUMMA theologica : of sint Thomas Aquinas</subfield>
    <subfield code="w">(  AR-FADEU)  018764</subfield>
    <subfield code="x"></subfield>
    <subfield code="z">0-85229-163-9</subfield>
  </datafield>
  <datafield tag="773" ind1="0" ind2=" ">
    <subfield code="0">24495</subfield>
    <subfield code="9">24307</subfield>
    <subfield code="a">Gibbon, Edward</subfield>
    <subfield code="b"></subfield>
    <subfield code="d">Chicago</subfield>
    <subfield code="o">01116</subfield>
    <subfield code="t">The decline and fall of the Roman empire</subfield>
    <subfield code="w">(  AR-FADEU)  018765</subfield>
    <subfield code="x"></subfield>
    <subfield code="z">0-85229-163-9</subfield>
  </datafield>
  <datafield tag="773" ind1="0" ind2=" ">
    <subfield code="0">24495</subfield>
    <subfield code="9">24308</subfield>
    <subfield code="a">Gibbon, Edward</subfield>
    <subfield code="b"></subfield>
    <subfield code="d">Chicago</subfield>
    <subfield code="o">01117</subfield>
    <subfield code="t">The decline and fall of the Roman empire</subfield>
    <subfield code="w">(  AR-FADEU)  018765</subfield>
    <subfield code="x"></subfield>
    <subfield code="z">0-85229-163-9</subfield>
  </datafield>
  <datafield tag="773" ind1="0" ind2=" ">
    <subfield code="0">24912</subfield>
    <subfield code="9">24565</subfield>
    <subfield code="a"></subfield>
    <subfield code="b"></subfield>
    <subfield code="d">Chicago</subfield>
    <subfield code="o">01119</subfield>
    <subfield code="t">American state papers</subfield>
    <subfield code="w">(  AR-FADEU)  019182</subfield>
    <subfield code="x"></subfield>
    <subfield code="z">0-85229-163-9</subfield>
  </datafield>
  <datafield tag="773" ind1="0" ind2=" ">
    <subfield code="0">24917</subfield>
    <subfield code="9">24566</subfield>
    <subfield code="a">Boswell, James</subfield>
    <subfield code="b"></subfield>
    <subfield code="d">Chicago</subfield>
    <subfield code="o">01120</subfield>
    <subfield code="t">Life of Samuel Johnson, LL.D.</subfield>
    <subfield code="w">(  AR-FADEU)  019187</subfield>
    <subfield code="x"></subfield>
    <subfield code="z">0-85229-163-9</subfield>
  </datafield>
  <datafield tag="773" ind1="0" ind2=" ">
    <subfield code="0">24918</subfield>
    <subfield code="9">24567</subfield>
    <subfield code="a">Kant, Immanuel</subfield>
    <subfield code="b"></subfield>
    <subfield code="d">Chicago</subfield>
    <subfield code="o">01118</subfield>
    <subfield code="t">The critique of pure Reason</subfield>
    <subfield code="w">(  AR-FADEU)  019188</subfield>
    <subfield code="x"></subfield>
    <subfield code="z">0-85229-163-9</subfield>
  </datafield>
  <datafield tag="773" ind1="0" ind2=" ">
    <subfield code="0">24921</subfield>
    <subfield code="9">24568</subfield>
    <subfield code="a">Tolstoy, Le&#xF3;n N.</subfield>
    <subfield code="b"></subfield>
    <subfield code="d">Chicago</subfield>
    <subfield code="o">01127</subfield>
    <subfield code="t">War and Peace</subfield>
    <subfield code="w">(  AR-FADEU)  019191</subfield>
    <subfield code="x"></subfield>
    <subfield code="z">0-85229-163-9</subfield>
  </datafield>
  <datafield tag="773" ind1="0" ind2=" ">
    <subfield code="0">24922</subfield>
    <subfield code="9">24569</subfield>
    <subfield code="a">Dostoevsky, Fyodor Mikhailovich</subfield>
    <subfield code="b"></subfield>
    <subfield code="d">Chicago</subfield>
    <subfield code="o">01128</subfield>
    <subfield code="t">The brothers karamazov</subfield>
    <subfield code="w">(  AR-FADEU)  019192</subfield>
    <subfield code="x"></subfield>
    <subfield code="z">0-85229-163-9</subfield>
  </datafield>
  <datafield tag="773" ind1="0" ind2=" ">
    <subfield code="0">24923</subfield>
    <subfield code="9">24570</subfield>
    <subfield code="a">William, James</subfield>
    <subfield code="b"></subfield>
    <subfield code="d">Chicago</subfield>
    <subfield code="o">01129</subfield>
    <subfield code="t">The principles of psychology</subfield>
    <subfield code="w">(  AR-FADEU)  019193</subfield>
    <subfield code="x"></subfield>
    <subfield code="z">0-85229-163-9</subfield>
  </datafield>
  <datafield tag="773" ind1="0" ind2=" ">
    <subfield code="0">24924</subfield>
    <subfield code="9">24571</subfield>
    <subfield code="a">Fielding, Henry</subfield>
    <subfield code="b"></subfield>
    <subfield code="d">Chicago</subfield>
    <subfield code="o">01113</subfield>
    <subfield code="t">The history of Ton Jones a foundling</subfield>
    <subfield code="w">(  AR-FADEU)  019194</subfield>
    <subfield code="x"></subfield>
    <subfield code="z">0-85229-163-9</subfield>
  </datafield>
  <datafield tag="773" ind1="0" ind2=" ">
    <subfield code="0">24925</subfield>
    <subfield code="9">24572</subfield>
    <subfield code="a">Smith, Adam</subfield>
    <subfield code="b"></subfield>
    <subfield code="d">Chicago</subfield>
    <subfield code="o">01115</subfield>
    <subfield code="t">An inquiry into the nature and causes  of the wealth of nations</subfield>
    <subfield code="w">(  AR-FADEU)  019195</subfield>
    <subfield code="x"></subfield>
    <subfield code="z">0-85229-163-9</subfield>
  </datafield>
  <datafield tag="773" ind1="0" ind2=" ">
    <subfield code="0">24926</subfield>
    <subfield code="9">24573</subfield>
    <subfield code="a">Montesquieu, Charles de</subfield>
    <subfield code="b"></subfield>
    <subfield code="d">Chicago</subfield>
    <subfield code="o">01114</subfield>
    <subfield code="t">The spirit of laws</subfield>
    <subfield code="w">(  AR-FADEU)  019196</subfield>
    <subfield code="x"></subfield>
    <subfield code="z">0-85229-163-9</subfield>
  </datafield>
  <datafield tag="773" ind1="0" ind2=" ">
    <subfield code="0">24930</subfield>
    <subfield code="9">24574</subfield>
    <subfield code="a">Lavoisier, Antoine Laurent</subfield>
    <subfield code="b"></subfield>
    <subfield code="d">Chicago</subfield>
    <subfield code="o">01121</subfield>
    <subfield code="t">Elements of chemistry</subfield>
    <subfield code="w">(  AR-FADEU)  019200</subfield>
    <subfield code="x"></subfield>
    <subfield code="z">0-85229-163-9</subfield>
  </datafield>
  <datafield tag="773" ind1="0" ind2=" ">
    <subfield code="0">24933</subfield>
    <subfield code="9">24575</subfield>
    <subfield code="a">Engels, Friedrich</subfield>
    <subfield code="b"></subfield>
    <subfield code="d">Chicago</subfield>
    <subfield code="o">01126</subfield>
    <subfield code="t">Capital, by Karl Marx</subfield>
    <subfield code="w">(  AR-FADEU)  019203</subfield>
    <subfield code="x"></subfield>
    <subfield code="z">0-85229-163-9</subfield>
  </datafield>
  <datafield tag="773" ind1="0" ind2=" ">
    <subfield code="0">24935</subfield>
    <subfield code="9">24576</subfield>
    <subfield code="a">Swift, Jonathan</subfield>
    <subfield code="b"></subfield>
    <subfield code="d">Chicago</subfield>
    <subfield code="o">01112</subfield>
    <subfield code="t">Gulliver&#xB4;s Travels</subfield>
    <subfield code="w">(  AR-FADEU)  019205</subfield>
    <subfield code="x"></subfield>
    <subfield code="z">0-85229-163-9</subfield>
  </datafield>
  <datafield tag="773" ind1="0" ind2=" ">
    <subfield code="0">24937</subfield>
    <subfield code="9">24577</subfield>
    <subfield code="a"></subfield>
    <subfield code="b"></subfield>
    <subfield code="d">Chicago</subfield>
    <subfield code="o">01130</subfield>
    <subfield code="t">The mayor works of Sigmund Freud</subfield>
    <subfield code="w">(  AR-FADEU)  019207</subfield>
    <subfield code="x"></subfield>
    <subfield code="z">0-85229-163-9</subfield>
  </datafield>
</record>
